Beyond justice /
Gorde:
| Egile nagusia: | |
|---|---|
| Formatua: | Liburua |
| Hizkuntza: | English |
| Argitaratua: |
Oxford [Oxfordshire] ; New York, NY, USA :
Blackwell,
1987.
|
| Gaiak: | |
| Etiketak: |
Etiketa erantsi
Etiketarik gabe, Izan zaitez lehena erregistro honi etiketa jartzen!
|
MARC
| LEADER | 00000cam a2200000 a 4500 | ||
|---|---|---|---|
| 001 | 567130 | ||
| 005 | 20140918020627.0 | ||
| 008 | 870522s1987 enk b 001 0 eng | ||
| 020 | |a 0631152067 : | ||
| 040 | |d NBuU |c CIICLA | ||
| 082 | 0 | |a 320.011 |b H486b | |
| 090 | |a JC578 |b .H45 1987 | ||
| 100 | 1 | |a Heller, Agnes. | |
| 245 | 1 | 0 | |a Beyond justice / |c Agnes Heller. |
| 260 | |a Oxford [Oxfordshire] ; |a New York, NY, USA : |b Blackwell, |c 1987. | ||
| 300 | |a vi, 346 páginas | ||
| 500 | |a Incluye índice. | ||
| 504 | |a Bibliografía: páginas [240]-343. | ||
| 650 | 1 | 4 | |a JUSTICIA |
| 942 | |2 ddc |c BK | ||
| 999 | |c 3479 |d 3479 | ||



